Responses for show #4061 - Monday, April 8, 2002

Contestants

Andy Seff, a law student from Baltimore, Maryland

Shasa Dobrow, a musician and graduate student originally from Vancouver, Washington

Carol Schlau, a newspaper copy editor from Buffalo, New York (whose 1-day cash winnings total $9,599)

Jeopardy! Round responses

VICE PRESIDENTS
PRO BASKETBALL
SCRAMBLED SAYINGS
LEFTOVERS
BIRD PEOPLE
ELVIS HAS LEFT THE BUILDING
    $200 21
Harry Truman

Shasa
    $200 7
(Who is Shaquille O'Neal?)

Wilt Chamberlain

ShasaAndy
    $200 1
"Monkey see, monkey do"

Shasa
    $200 2
a crystal ball

Andy
    $200 16
Sheryl Crow

Shasa
    $200 3
the Leaning Tower of Pisa

Andy
    $400 27
George H. W. Bush

Andy
    $400 8
the ABA (the American Basketball Association)

Andy
    $400 5
(Shasa: What is "Keep your upper lip stiff"?)

"Keep a stiff upper lip"

CarolShasa
    $400 14
bowling

Carol
    $400 17
Rhea Perlman

Andy
    $400 4
the Space Needle

Carol
    $600 28
(Adlai) Stevenson

Andy
    $600 9
the Hawks

Andy
    $600 6
"Life is just a bowl of cherries"

Shasa
    $600 15
Dasher

Carol
    $600 22
(Carol: Um, who is Melville?)

(Jonathan) Swift

CarolAndy
    $600 18
Boston

Andy
    $800 10
the Pistons

Andy
    $800 12
"a chip off the old block"

Andy
    $800 25
Hadrian

Carol
    $800 23
(Peter) Finch

Andy
    $800 19
(Carol: What is Madison Square Garden?)

the Empire State Building

Carol
Triple Stumper
    $1000 11
Karl Malone

Carol
    $1000 13
(Carol: What is "As snug as a bug in a rug"?)
[Carol realizes she added a word, and grimaces.]
(Alex: [toward the judges] She got them all in there and she added a word, so I think we can accept that. Yes.)

"Snug as a bug in a rug"

Carol
    $1000 26
(Henry) James

Andy
    $1,200 24
(Andy: Who is Robin?)
...
(Alex: Who is [*], the architect.)

Sir Christopher Wren

Andy
    $1000 20
the Kremlin

Triple Stumper

Scores at the first commercial break (after clue 15):

Carol Shasa Andy
$3,800 $600 $2,800

Scores at the end of the Jeopardy! Round:

Carol Shasa Andy
$3,200 $1,000 $6,000

Double Jeopardy! Round responses

LONDON LITERARY TOUR
PROBING QUESTIONS
'80s ROCK
THE LARGEST IN AREA
(Alex: We'll give you a list.)
BOATS & SHIPS
WHAT'S "D" MATTER?
    $400 11
Dickens

Andy
    $400 9
Halley's Comet

Triple Stumper
    $400 4
Bruce Springsteen

Shasa
    $400 1
(Andy: What is Jamaica?)

Cuba

ShasaAndy
    $400 23
the Titanic

Carol
    $400 13
(Andy: What's a son?)

a dame

CarolAndy
    $800 12
Leonard Woolf

Triple Stumper
    $800 10
the sun

Shasa
    $800 5
Janet Jackson

Carol
    $800 2
Vietnam

Triple Stumper
    $800 24
(Minute to go, Carol.)

canoes

Triple Stumper
    $800 14
Dracula

Carol
    $1200 18
Sylvia Plath

Shasa
    $1200 22
(Alex: Hoping to see a plume of [*]. It didn't happen that way.)

water

Triple Stumper
    $1200 6
"A Groovy Kind Of Love"

Carol
    $1200 3
(Shasa: What is Botswana?)
(Andy: What is Egypt?)

Algeria

CarolShasaAndy
    $1200 25
a junk boat

Shasa
    $1200 15
the Dominican Republic

Andy
    $1600 20
Noel Coward

Triple Stumper
    $3,000 7
"I Lost on Jeopardy"

Carol
    $1600 19
Germany

Shasa
    $200 27
(Andy: What is America?)

Stars and Stripes

Andy
    $1600 16
Duplo

Andy
    $2000 21
(Sir Walter) Raleigh

Andy
    $2000 8
Dire Straits

Carol
    $2000 26
Saudi Arabia

Andy
    $2000 28
Discovery

Triple Stumper
    $2000 17
Damascus

Andy

Scores at the end of the Double Jeopardy! Round:

Carol Shasa Andy
$13,000 $5,400 $13,000

[wagering suggestions for these scores]

Final Jeopardy! Round responses

THE MOVIES
(Alex: The movie that starred Tom Hanks and was directed by Penny Marshall.)
ShasaWhat is The Producers
$0
AndyWhat is Big
$0
CarolWhat is When Harry Met Sally?
$13,000
Big

Final scores:

Carol Shasa Andy
$0 $5,400 $13,000
3rd place: trip to Hawaii by Yahoo! Travel 2nd place: trip to Antigua & stay at Pineapple Beach Resort New champion: $13,000

Game dynamics:

Coryat scores:

Carol Shasa Andy
$11,600 $5,400 $14,400
15 R
(including 1 DD),
2 W
11 R,
2 W
19 R,
6 W
(including 2 DDs)

Combined Coryat: $31,400

The J! Archive is created by fans, for fans. The Jeopardy! game show and all elements thereof, including but not limited to copyright and trademark thereto, are the property of Jeopardy Productions, Inc. and are protected under law. This website is not affiliated with, sponsored by, or operated by Jeopardy Productions, Inc. Join the discussion at JBoard.tv.